Theory and design of irrigation structures: Canal and storage works, Vol.II / (Record no. 9022)
[ view plain ]
| 000 -LEADER | |
|---|---|
| fixed length control field | 00591cam a2200217ua 4500 |
| 020 ## - INTERNATIONAL STANDARD BOOK NUMBER | |
| ISBN | 81-85240-48-5 |
| 041 ## - LANGUAGE CODE | |
| Language code of text/sound track or separate title | eng |
| 082 ## - DEWEY DECIMAL CLASSIFICATION NUMBER | |
| Classification number | 627.5201 |
| Item number | VAR/TH |
| 100 ## - MAIN ENTRY--AUTHOR NAME | |
| Personal name | Varshney, R.S. |
| 245 ## - TITLE STATEMENT | |
| Title | Theory and design of irrigation structures: Canal and storage works, Vol.II / |
| 250 ## - EDITION STATEMENT | |
| Edition statement | 6 / |
| 260 ## - PUBLICATION, DISTRIBUTION, ETC. (IMPRINT) | |
| Place of publication | Roorkee : |
| Name of publisher | Nem Chand And Bros , |
| Year of publication | 1993. |
| 300 ## - PHYSICAL DESCRIPTION | |
| Number of Pages | 784 ; . |
| 500 ## - GENERAL NOTE | |
| General note | 19006-08-Scheme |
| 942 ## - ADDED ENTRY ELEMENTS (KOHA) | |
| Koha item type | Books |
| Withdrawn status | Lost status | Damaged status | Home library | Current library | Shelving location | Date acquired | Full call number | Accession Number | Koha item type |
|---|---|---|---|---|---|---|---|---|---|
| KAUAET | 07/04/2012 | 627.5201 | 19008 | Books | |||||
| KAUAET | KAUAET | Scheme | 07/04/2012 | 627.5201 | 19006 | Book Bank scheme for SC students | |||
| KAUAET | KAUAET | Scheme | 07/04/2012 | 627.5201 | 19007 | Book Bank scheme for SC students |
